000 00807cam a22002291 4500
001 3222919
005 20180116034517.0
008 790802s1969 cl b 000 0 spa
010 _a 78474126
025 _aLACAP70-0952
040 _aDLC
_cDLC
_dDLC
041 1 _aspaeng
080 _a809.383
082 0 0 _a809.383 HUM
100 1 _a48
101 _aPSI
240 0 0 _aStream of consciousness in the modern novel. Spanish
245 1 3 _aLa corriente de la conciencia en la novela moderna (un estudio de James Joyce, Virginia Woolf, Dorothy Richardson, William Faulkner y otros).
_cTraducción de Julio Rodríguez-Puértolas y Carmen Criado de Rodríguez-Puértolas.
504 _aIncludes bibliographical references.
906 _a7
_bcbc
_corignew
_d1
_encip
_f19
_gy-gencatlg
942 _2ddc
_cBK
999 _c40333
_d40333